Teatro latinoamericano del siglo XX

Saved in:
Bibliografiske detaljer
Hovedforfatter: Solórzano, Carlos (Author)
Format: Bog
Sprog:spansk
Udgivet: Buenos Aires Nueva Visión 1961
Serier:Teatro en el mundo. Colección Ensayos
Fag:
Tags: Tilføj Tag
Ingen Tags, Vær først til at tagge denne postø!

MARC

LEADER 00000nam a2200000 a 4500
001 UCX5423
003 CL-VaPUC
008 921112e19610000AG |||||||||||||||||spa|d
082 0 4 |a H862.09  |b SOL  |2 21 
100 0 |a Solórzano, Carlos  |e author  |9 321705 
245 1 0 |a Teatro latinoamericano del siglo XX 
300 |a 104 p 
942 |c BK 
945 |d 19921112 00:00:00 
260 |a Buenos Aires  |b Nueva Visión  |c 1961 
650 7 |a TEATRO LATINOAMERICANO SIGLO 20  |2 CL-VaPUC  |9 321706 
583 |a last modification  |c 20160901 11:20:58  |k Rodrigo Vera 
490 0 |a Teatro en el mundo. Colección Ensayos 
999 |c 225672  |d 225670 
952 |0 0  |1 0  |4 0  |6 H_862_090000000000000_SOL_1961  |7 0  |8 A  |9 223413  |a BIBEDU  |b BIBEDU  |d 2019-11-15  |i 2922363  |o H862.09 SOL 1961  |p 2922363  |r 2019-11-15  |w 2019-11-15  |y BK  |k LIT